Statistics for Find the Spelling #5

Click here to take the quiz!

General Stats

  • This quiz has been taken 47 times
  • The average score is 4 of 5

Answer Stats

QuestionAnswer% Correct
Which is correct?Acceptable
100%
Which is correct?Address
100%
Which is correct?Achieve
97%
Which is correct?Accommodate
67%
Which is correct?Cemetery
44%

Score Distribution

Percentile by Number Answered

Percent of People with Each Score

Your Score History

You have not taken this quiz